logo

Bir Sreshtho Munshi Abdur Rouf Library
Jhenaidah Cadet College

দীওআন ই হাফিয / (Record no. 8733)

MARC details
000 -LEADER
fixed length control field 00708nam a2200217 a 4500
001 - CONTROL NUMBER
JCCL Control Number 8733
003 - CONTROL NUMBER IDENTIFIER
JCCL marc code BD-JhCC
005 - DATE AND TIME OF LATEST TRANSACTION
control field 20180301194944.0
008 - FIXED-LENGTH DATA ELEMENTS--GENERAL INFORMATION
fixed length control field 180301s19381959bg |||| |a|| 000 0 be d
035 ## - SYSTEM CONTROL NUMBER
system control number (BD-JhCC)8733
040 ## - CATALOGING SOURCE
Original cataloging agency BD-JhCC
Modifying agency BD-JhCC
041 ## - LANGUAGE CODE
Language code of Book ben
082 ## - DEWEY DECIMAL CLASSIFICATION NUMBER
Classification number 891.4409
Author mark and Year SHA 1938
100 ## - MAIN ENTRY--PERSONAL NAME
Personal name শহীদুল্লাহ্,মুহম্মদ.
245 ## - TITLE STATEMENT
Title দীওআন ই হাফিয /
Statement of responsibility, etc ডক্টর মুহম্মদ শহীদুল্লাহ্.
260 ## - PUBLICATION, DISTRIBUTION, ETC. (IMPRINT)
Place of publication, distribution, etc ঢাকা:
Name of publisher, distributor, etc রেনেসাঁস্ প্রিন্টার্স;
Date of publication, distribution, etc 1938.
300 ## - PHYSICAL DESCRIPTION
Pagination 61 p. :
Dimensions 24 cm.
651 ## - SUBJECT ADDED ENTRY--GEOGRAPHIC NAME
Geographic name Bengali Literature.
942 ## - ADDED ENTRY ELEMENTS (KOHA)
Source of classification or shelving scheme Library of Congress Classification
Koha item type Books
Holdings
Source of classification or shelving scheme Damaged status Not for loan Home library Current library Shelving location Date of accession Cost, normal purchase price Total Checkouts Full call number Barcode Date last seen Copy number Koha item type
Dewey Decimal Classification     JCC Rouf Library JCC Rouf Library General Stacks 03/01/2018 5.00   891.4409 SHA 1938 11035 03/01/2018 C - 1 Books

JCC Library | Contacts | JCC Home

Last Update on 23 September 2017
Copyright @ 2017-2020 JCC Rouf Library
Rouf Library, Jhenidah Cadet College (JCC), Bangladesh